| 000 | 00819nam a2200265Ka 4500 | ||
|---|---|---|---|
| 999 |
_c7258 _d7258 |
||
| 001 | 85858985 | ||
| 003 | OCoLC | ||
| 005 | 20190205100640.0 | ||
| 008 | 070315s2006 tnu b 000 0 eng | ||
| 020 | _a0849918707 | ||
| 020 | _a9780849918704 | ||
| 035 | _a(OCoLC)85858985 | ||
| 040 |
_aGOY _cGOY _dBAKER _dATH |
||
| 082 |
_a263.2 _bB918R |
||
| 090 |
_aBV4597.55 _b.B83 2006a |
||
| 090 |
_aBV4597.55 _b.B83 2006a |
||
| 100 | 1 |
_aBuchanan, Mark _q(Mark Aldham) |
|
| 245 | 1 | 4 |
_aThe rest of God : _brestoring your soul by restoring Sabbath / _cMark Buchanan. |
| 260 |
_aNashville, Tenn. : _bThomas Nelson, _cc2006. |
||
| 300 |
_axvi, 223, [1] p. ; _c21 cm. |
||
| 504 | _aIncludes bibliographical references (p. 221-[224]). | ||
| 650 | 0 |
_aRest _xReligious aspects _xChristianity. |
|
| 650 | 0 | _aSabbath. | |
| 942 |
_2ddc _cBK |
||